The Obama nation : (Record no. 45301)

MARC details
000 -LEADER
fixed length control field 02081nam a22002777a 4500
008 - FIXED-LENGTH DATA ELEMENTS--GENERAL INFORMATION
fixed length control field 151029b xxu||||| |||| 00| 0 eng d
020 ## - INTERNATIONAL STANDARD BOOK NUMBER
International Standard Book Number 9781416598060
050 ## - LIBRARY OF CONGRESS CALL NUMBER
Classification number E901.1.O23
Item number C67 2008
100 ## - MAIN ENTRY--PERSONAL NAME
Personal name Corsi, Jerome R.
245 ## - TITLE STATEMENT
Title The Obama nation :
Remainder of title leftist politics and the cult of personality /
Statement of responsibility, etc Jerome R. Corsi.
250 ## - EDITION STATEMENT
Edition statement 1st Threshold Editions hardcover ed.
260 ## - PUBLICATION, DISTRIBUTION, ETC. (IMPRINT)
Place of publication, distribution, etc New York :
Name of publisher, distributor, etc Threshold Editions/Simon & Schuster,
Date of publication, distribution, etc 2008.
300 ## - PHYSICAL DESCRIPTION
Extent xvi, 364 p. ;
Dimensions
Other physical details 25 cm.
500 ## - GENERAL NOTE
General note Includes bibliographical references and index.
520 ## - SUMMARY, ETC.
Summary, etc Barack Obama stepped onto the national political stage when the then-Illinois State senator addressed the 2004 Democratic National Convention. Soon after Obama was elected to the U.S. Senate, author Jerome Corsi began researching Obama's personal and political background. This book is the result of that research. By tracing Obama's career and influences from his early years in Hawaii and Indonesia, the beginnings of his political career in Chicago, his voting record in the Illinois legislature, his religious training and his adoption of Christianity through to his recent involvement in Kenyan politics, his political advisors and fundraising associates and his meteoric campaign for president, Corsi shows that an Obama presidency would, in his words, be "a repeat of the failed extremist politics that have characterized and plagued Democratic Party politics since the late 1960s."--From publisher description.
600 ## - SUBJECT ADDED ENTRY--PERSONAL NAME
Numeration Obama, Barack Political and social views.
600 ## - SUBJECT ADDED ENTRY--PERSONAL NAME
Numeration Obama, Barack Public opinion.
600 ## - SUBJECT ADDED ENTRY--PERSONAL NAME
Numeration Obama, Barack Influence.
650 ## - SUBJECT ADDED ENTRY--TOPICAL TERM
Source of heading or term This title is also available as an eBook.
Topical term or geographic name as entry element Personality
General subdivision Political aspects
Geographic subdivision United States.
650 ## - SUBJECT ADDED ENTRY--TOPICAL TERM
Topical term or geographic name as entry element Public opinion
Geographic subdivision United States.
650 ## - SUBJECT ADDED ENTRY--TOPICAL TERM
Topical term or geographic name as entry element Presidents
General subdivision Election
Chronological subdivision 2008.
Geographic subdivision United States
650 ## - SUBJECT ADDED ENTRY--TOPICAL TERM
Topical term or geographic name as entry element Right and left (Political science)
650 ## - SUBJECT ADDED ENTRY--TOPICAL TERM
Topical term or geographic name as entry element Left-wing extremists
Geographic subdivision United States.
651 ## - SUBJECT ADDED ENTRY--GEOGRAPHIC NAME
Relator term United States Politics and government 2001-2009.
942 ## - ADDED ENTRY ELEMENTS (KOHA)
Source of classification or shelving scheme Library of Congress Classification
Item type Book
Holdings
Withdrawn status Lost status Source of classification or shelving scheme Damaged status Not for loan Collection code Home library Current library Shelving location Date acquired Source of acquisition Cost, normal purchase price Total Checkouts Full call number Barcode Copy number Price effective from Koha item type
    Library of Congress Classification     Non-fiction Bishop Okullu Memorial Library (Limuru Campus) Bishop Okullu Memorial Library (Limuru Campus) Processing Center 29/10/2015 Donation 1000.00   E901.1.O23 C67 2008 044669 1 29/10/2015 Book